[Event "Deutsche Ländermeisterschaft 2018"]
[Site "Würzburg GER"]
[Date "2018.10.05"]
[Round "4"]
[White "Wendler, David"]
[Black "Pfreundt, Jakob"]
[Result "0-1"]
[Termination "normal"]
[Board "9.1"]
[BlackTitle "IM"]
[WhiteElo "2156"]
[BlackElo "2388"]
[WhiteTeam "Württemberg 2"]
[BlackTeam "Hamburg"]
[PlyCount "80"]
[WhiteFideId "12938360"]
[BlackFideId "12918156"]
[EventCountry "GER"]
[EventRounds "7"]
[EventType "team-swiss"]
[EventDate "2018.10.02"]

1.e4 d5 2.exd5 Qxd5 3.Nc3 Qd8 4.d4 Nf6 5.Nf3 g6 6.Bc4 Bg7 7.O-O O-O 8.Re1 Nc6
9.Bg5 h6 10.Bf4 Nh5 11.Be5 Nxe5 12.dxe5 Nf4 13.Re4 Ne6 14.Qe2 c6 15.Rd1 Qb6
16.Bb3 Nc5 17.Na4 Nxa4 18.Rxa4 c5 19.Qe3 Bf5 20.h3 Rad8 21.Rxd8 Rxd8 22.g4 Bd7
23.Rc4 Rc8 24.Qf4 Be6 25.Re4 c4 26.Bxc4 g5 27.Bxe6 gxf4 28.Bxc8 Qc6 29.Bf5 e6
30.Nd4 Qc8 31.c3 h5 32.Kg2 Qd7 33.Kf3 Bh6 34.h4 b5 35.g5 exf5 36.Rxf4 Qd5+
37.Kg3 Bg7 38.Rxf5 Qe4 39.f4 Qe3+ 40.Nf3 Qd3   0-1

[Event "Deutsche Ländermeisterschaft 2018"]
[Site "Würzburg GER"]
[Date "2018.10.05"]
[Round "4"]
[White "von Krosigk, Florian"]
[Black "Brunner, Jan"]
[Result "1/2-1/2"]
[Termination "normal"]
[Board "9.4"]
[WhiteElo "1897"]
[BlackElo "1940"]
[WhiteTeam "Hamburg"]
[BlackTeam "Württemberg 2"]
[PlyCount "89"]
[WhiteFideId "16227808"]
[BlackFideId "12981010"]
[EventCountry "GER"]
[EventRounds "7"]
[EventType "team-swiss"]
[EventDate "2018.10.02"]

1.e4 c5 2.Nf3 Nc6 3.Bb5 g6 4.Bxc6 bxc6 5.O-O Bg7 6.Re1 Nh6 7.c3 O-O 8.d4 cxd4
9.cxd4 d5 10.e5 f6 11.h3 fxe5 12.Nxe5 Qb6 13.Nc3 Nf5 14.Ne2 c5 15.dxc5 Qxc5
16.Nf4 e6 17.Nfd3 Qb6 18.b3 Rd8 19.Ba3 d4 20.Nc4 Qb7 21.Rc1 Bf8 22.Bxf8 Rxf8
23.Nc5 Qc6 24.Ne5 Qd5 25.Ned3 Re8 26.Re5 Qd6 27.Qf3 Rb8 28.Rce1 Rb6 29.Nf4 Rb5
30.b4 Ne3 31.fxe3 Bb7 32.Nxb7 Qxe5 33.Nd3 Qc7 34.Nbc5 dxe3 35.Qxe3 Qd6 36.a4
Rb6 37.b5 Re7 38.Qe4 Rb8 39.Qc4 Rd8 40.Kh1 Kg7 41.Qc3+ e5 42.Ne4 Qd4 43.Qxd4
exd4 44.Ndc5 d3 45.Rd1   1/2-1/2

[Event "Deutsche Ländermeisterschaft 2018"]
[Site "Würzburg GER"]
[Date "2018.10.05"]
[Round "4"]
[White "Zell, Mirjam"]
[Black "Genov, Valentin"]
[Result "0-1"]
[Termination "normal"]
[Board "9.5"]
[BlackTitle "CM"]
[WhiteElo "1797"]
[BlackElo "1756"]
[WhiteTeam "Württemberg 2"]
[BlackTeam "Hamburg"]
[PlyCount "58"]
[WhiteFideId "16208544"]
[BlackFideId "2919745"]
[EventCountry "GER"]
[EventRounds "7"]
[EventType "team-swiss"]
[EventDate "2018.10.02"]

1.e4 c5 2.c4 d6 3.d3 g6 4.Nc3 Nf6 5.g3 Bg7 6.Bg2 Nc6 7.Nge2 O-O 8.O-O Ne8 9.Rb1
Nc7 10.a3 a5 11.Be3 Ne6 12.f4 Ned4 13.Bf2 Bg4 14.h3 Bf3 15.Bxf3 Nxf3+ 16.Kg2
Nfd4 17.Nxd4 Nxd4 18.Ne2 Nxe2 19.Qxe2 f5 20.Rfe1 e5 21.fxe5 Bxe5 22.exf5 Rxf5
23.g4 Rf7 24.Bxc5 dxc5 25.Qxe5 Qxd3 26.Qxc5 Qf3+ 27.Kh2 Qf4+ 28.Kg2 Rd8 29.Qe3
Rd2+   0-1

[Event "Deutsche Ländermeisterschaft 2018"]
[Site "Würzburg GER"]
[Date "2018.10.05"]
[Round "4"]
[White "Genova, Magdalina"]
[Black "Zell, Hannah"]
[Result "1/2-1/2"]
[Termination "normal"]
[Board "9.6"]
[WhiteElo "1425"]
[BlackElo "1469"]
[WhiteTeam "Hamburg"]
[BlackTeam "Württemberg 2"]
[PlyCount "66"]
[WhiteFideId "2919753"]
[BlackFideId "16208900"]
[EventCountry "GER"]
[EventRounds "7"]
[EventType "team-swiss"]
[EventDate "2018.10.02"]

1.c4 e6 2.Nc3 d5 3.cxd5 exd5 4.d4 Nf6 5.Bg5 c6 6.Nf3 Be7 7.e3 Nbd7 8.Bd3 Ne4
9.Bxe7 Qxe7 10.Qc2 f5 11.O-O O-O 12.Rae1 Nd6 13.Na4 g6 14.Nc5 Nf7 15.Rc1 Nxc5
16.Qxc5 Qxc5 17.Rxc5 Re8 18.b4 Bd7 19.a4 Rac8 20.Rfc1 a6 21.b5 axb5 22.axb5 Ra8
23.h3 Ra3 24.Bf1 Kg7 25.bxc6 bxc6 26.Rb1 Ra7 27.Rc3 Kf6 28.Rcb3 Rc8 29.Rb7 Rc7
30.Rxa7 Rxa7 31.g3 Rc7 32.Rc1 Ke6 33.Nd2 Kd6   1/2-1/2

[Event "Deutsche Ländermeisterschaft 2018"]
[Site "Würzburg GER"]
[Date "2018.10.05"]
[Round "4"]
[White "Wildermuth, Nikolas Karl"]
[Black "Ruhmke, Rebecca"]
[Result "1-0"]
[Termination "normal"]
[Board "9.7"]
[WhiteElo "1539"]
[BlackElo "1399"]
[WhiteTeam "Württemberg 2"]
[BlackTeam "Hamburg"]
[PlyCount "43"]
[WhiteFideId "16244699"]
[BlackFideId "16235991"]
[EventCountry "GER"]
[EventRounds "7"]
[EventType "team-swiss"]
[EventDate "2018.10.02"]

1.e4 Nf6 2.e5 Nd5 3.d4 d6 4.Nf3 dxe5 5.Nxe5 c6 6.c4 Nf6 7.Nc3 Bf5 8.Qf3 e6
9.Be3 Nbd7 10.h3 Qa5 11.Nxd7 Nxd7 12.Be2 Be7 13.O-O Qb6 14.d5 Qxb2 15.dxe6 Bxe6
16.Rfc1 Bf6 17.Rab1 Qa3 18.Ne4 Qxa2 19.Rxb7 O-O 20.Rxd7 Bxd7 21.Nxf6+ gxf6
22.Qxf6   1-0

[Event "Deutsche Ländermeisterschaft 2018"]
[Site "Würzburg GER"]
[Date "2018.10.05"]
[Round "4"]
[White "Hubert, Charlotte"]
[Black "Bako, Evelin"]
[Result "1-0"]
[Termination "normal"]
[Board "9.8"]
[WhiteElo "1376"]
[BlackElo "1002"]
[WhiteTeam "Hamburg"]
[BlackTeam "Württemberg 2"]
[PlyCount "49"]
[WhiteFideId "16265920"]
[BlackFideId "16271823"]
[EventCountry "GER"]
[EventRounds "7"]
[EventType "team-swiss"]
[EventDate "2018.10.02"]

1.e4 e5 2.Nf3 Nf6 3.Nxe5 d6 4.Nf3 Nxe4 5.Bd3 d5 6.O-O Be7 7.c3 O-O 8.Re1 Nf6
9.Bc2 Nc6 10.d4 Bg4 11.Nbd2 Qd6 12.h3 Bh5 13.Nf1 Rfe8 14.Ng3 Rad8 15.Nxh5 Nxh5
16.Qd3 g6 17.Bh6 Bf6 18.Qd2 Bg7 19.Rad1 Bxh6 20.Qxh6 Ne7 21.Ng5 Nf6 22.Re3 c6
23.Rg3 b5 24.h4 Kh8 25.Nxf7+   1-0

[Event "Deutsche Ländermeisterschaft 2018"]
[Site "Würzburg GER"]
[Date "2018.10.05"]
[Round "4"]
[White "Schmekel, Florian"]
[Black "Zimmer, Luca"]
[Result "1/2-1/2"]
[Termination "normal"]
[Board "10.1"]
[WhiteElo "2106"]
[BlackElo "1645"]
[WhiteTeam "Mecklenburg-Vorpommern"]
[BlackTeam "Saarland"]
[PlyCount "120"]
[WhiteFideId "12913456"]
[BlackFideId "12921424"]
[EventCountry "GER"]
[EventRounds "7"]
[EventType "team-swiss"]
[EventDate "2018.10.02"]

1.d4 e6 2.c4 Nf6 3.Nf3 Bb4+ 4.Bd2 c5 5.g3 b6 6.Bg2 Bb7 7.Bxb4 cxb4 8.a3 bxa3
9.Rxa3 O-O 10.O-O d6 11.Nc3 Nc6 12.e4 Na5 13.Qd3 Ba6 14.Nd2 d5 15.exd5 exd5
16.b4 Bxc4 17.Nxc4 Nxc4 18.Ra2 Qd6 19.Nxd5 Nxd5 20.Qxc4 Rfd8 21.b5 Rac8 22.Qb3
Rc3 23.Qxd5 Qxd5 24.Bxd5 Rxd5 25.Rxa7 Rc8 26.Re1 Rxb5 27.Ree7 Rf8 28.Red7 Rb1+
29.Kg2 b5 30.Rab7 b4 31.d5 b3 32.d6 b2 33.h4 g6 34.Kf3 Kg7 35.Ke2 Kf6 36.Re7
Rc1 37.Rxb2 Rc6 38.Rd2 Rd8 39.Re4 Rcxd6 40.Rxd6+ Rxd6 41.Kf3 Kg7 42.g4 Rd1
43.Re5 Kf6 44.Ra5 h6 45.h5 Re1 46.Kf4 g5+ 47.Kf3 Re5 48.Ra6+ Re6 49.Ra7 Rb6
50.Ra5 Rb3+ 51.Kg2 Rb4 52.Rf5+ Ke6 53.Kg3 Re4 54.Ra5 Kf6 55.f3 Rf4 56.Kf2 Kg7
57.Ke3 Kf6 58.Ra8 Kg7 59.Ra7 Rb4 60.Rd7 Rf4   1/2-1/2

[Event "Deutsche Ländermeisterschaft 2018"]
[Site "Würzburg GER"]
[Date "2018.10.05"]
[Round "4"]
[White "Zha, Kevin"]
[Black "Fromm, Marius"]
[Result "1/2-1/2"]
[Termination "normal"]
[Board "10.2"]
[WhiteElo "1570"]
[BlackElo "2022"]
[WhiteTeam "Saarland"]
[BlackTeam "Mecklenburg-Vorpommern"]
[PlyCount "79"]
[WhiteFideId "16208951"]
[BlackFideId "12993190"]
[EventCountry "GER"]
[EventRounds "7"]
[EventType "team-swiss"]
[EventDate "2018.10.02"]

1.e4 e5 2.Nf3 Nc6 3.d4 exd4 4.Nxd4 Nf6 5.Nc3 Bb4 6.Nxc6 bxc6 7.Bd3 d5 8.exd5
cxd5 9.O-O O-O 10.Bg5 c6 11.Qf3 Rb8 12.Rab1 Bd6 13.h3 Re8 14.Ne2 Be5 15.c3 h6
16.Be3 Qc7 17.Kh1 c5 18.Bf4 Bb7 19.Bxe5 Rxe5 20.Qf4 Rbe8 21.Ng3 Qc6 22.Rg1 Qd7
23.Nf5 Ne4 24.Ng3 Nd6 25.Kh2 a5 26.Qd2 Qe7 27.Qf4 Bc6 28.Rgf1 Qb7 29.Rg1 a4
30.Bc2 Nc4 31.Nf5 Bd7 32.b3 Na3 33.Nd6 Qb8 34.Qxf7+ Kh8 35.Qg6 Nxc2 36.Nf7+ Kg8
37.Nxh6+ Kh8 38.Nf7+ Kg8 39.Nh6+ Kh8 40.Nf7+   1/2-1/2

[Event "Deutsche Ländermeisterschaft 2018"]
[Site "Würzburg GER"]
[Date "2018.10.05"]
[Round "4"]
[White "Troyke, Jannis"]
[Black "Jeschke, Jan"]
[Result "0-1"]
[Termination "normal"]
[Board "10.3"]
[WhiteElo "1924"]
[BlackElo "1479"]
[WhiteTeam "Mecklenburg-Vorpommern"]
[BlackTeam "Saarland"]
[PlyCount "72"]
[WhiteFideId "12993115"]
[BlackFideId "16225430"]
[EventCountry "GER"]
[EventRounds "7"]
[EventType "team-swiss"]
[EventDate "2018.10.02"]

1.e4 e6 2.d4 d5 3.Nd2 Nf6 4.e5 Nfd7 5.c3 c5 6.Bd3 Nc6 7.Ne2 cxd4 8.cxd4 f6
9.exf6 Nxf6 10.Nf3 Bd6 11.O-O Qc7 12.Bg5 O-O 13.Bh4 Nh5 14.Qc2 h6 15.Bh7+ Kh8
16.Bg6 Rxf3 17.Bxh5 Rf5 18.Bg6 Rf8 19.Bg3 Bd7 20.Rac1 Rac8 21.Qd2 Rf6 22.Bb1
Be8 23.a3 Bg6 24.Bh4 Bxb1 25.Bxf6 Bh7 26.Bh4 Bxh2+ 27.Kh1 Bd6 28.Bg3 Rf8
29.Bxd6 Qxd6 30.f3 e5 31.dxe5 Qxe5 32.Rfd1 d4 33.Kg1 d3 34.Nc3 Nd4 35.Re1 Qg3
36.Qf2 Nxf3+   0-1

[Event "Deutsche Ländermeisterschaft 2018"]
[Site "Würzburg GER"]
[Date "2018.10.05"]
[Round "4"]
[White "Focke, Adrian"]
[Black "Müller, Maximilian"]
[Result "1/2-1/2"]
[Termination "normal"]
[Board "10.5"]
[WhiteElo "1804"]
[BlackElo "1547"]
[WhiteTeam "Mecklenburg-Vorpommern"]
[BlackTeam "Saarland"]
[PlyCount "81"]
[WhiteFideId "12969869"]
[BlackFideId "16243552"]
[EventCountry "GER"]
[EventRounds "7"]
[EventType "team-swiss"]
[EventDate "2018.10.02"]

1.e4 e6 2.Nf3 d5 3.e5 c5 4.b4 cxb4 5.a3 bxa3 6.d4 Bd7 7.Bd3 Nc6 8.c3 Rc8 9.O-O
a6 10.Re1 Na5 11.Qc2 h6 12.Bxa3 Bxa3 13.Nxa3 Ne7 14.Qb2 Qc7 15.Rec1 O-O 16.Nd2
Nac6 17.Nb3 f6 18.f4 fxe5 19.fxe5 Rf7 20.Nc5 Na5 21.Rcb1 Bc6 22.Nxe6 Qd7 23.Nc5
Qg4 24.Qe2 Qxe2 25.Bxe2 Nf5 26.Bg4 g6 27.Nc2 Nc4 28.Re1 Re8 29.Bh3 a5 30.Rab1
b6 31.Nd3 Ba4 32.Rbc1 Kg7 33.g3 Bxc2 34.Rxc2 Nfe3 35.Rce2 Rf3 36.Nf4 g5 37.Ng2
Nxg2 38.Bxg2 Rxc3 39.Bxd5 Rd8 40.Bxc4 Rxc4 41.Rb1   1/2-1/2

[Event "Deutsche Ländermeisterschaft 2018"]
[Site "Würzburg GER"]
[Date "2018.10.05"]
[Round "4"]
[White "Fuchs, Emily"]
[Black "Tovmasyan, Minas"]
[Result "0-1"]
[Termination "normal"]
[Board "10.6"]
[WhiteElo "1335"]
[BlackElo "1554"]
[WhiteTeam "Saarland"]
[BlackTeam "Mecklenburg-Vorpommern"]
[PlyCount "74"]
[WhiteFideId "16208986"]
[BlackFideId "16247620"]
[EventCountry "GER"]
[EventRounds "7"]
[EventType "team-swiss"]
[EventDate "2018.10.02"]

1.e4 c5 2.Nf3 e6 3.d4 cxd4 4.Nxd4 a6 5.Nc3 Qc7 6.Be2 Nf6 7.a3 b5 8.O-O Bb7
9.Bd3 Be7 10.Be3 d6 11.f4 Nbd7 12.Kh1 Nb6 13.Qe2 Rc8 14.Rae1 Nc4 15.Bxc4 Qxc4
16.e5 Qxe2 17.Rxe2 dxe5 18.fxe5 Nd5 19.Nxd5 Bxd5 20.Ref2 O-O 21.Nf3 h6 22.Nd4
Bc5 23.Kg1 Rc7 24.c3 Rb8 25.b4 Ba7 26.Bd2 Rf8 27.Ra1 f6 28.exf6 gxf6 29.Bxh6
Rff7 30.Kh1 e5 31.Rf5 Be4 32.Ne6 Bxf5 33.Nxc7 Rxc7 34.Rf1 Bd3 35.Rxf6 Rf7
36.Rxf7 Kxf7 37.g4 Be4#   0-1

[Event "Deutsche Ländermeisterschaft 2018"]
[Site "Würzburg GER"]
[Date "2018.10.05"]
[Round "4"]
[White "Puls, Luisa"]
[Black "Huppert, Anna"]
[Result "1/2-1/2"]
[Termination "normal"]
[Board "10.7"]
[WhiteElo "1456"]
[BlackElo "1498"]
[WhiteTeam "Mecklenburg-Vorpommern"]
[BlackTeam "Saarland"]
[PlyCount "53"]
[WhiteFideId "16266005"]
[BlackFideId "16214439"]
[EventCountry "GER"]
[EventRounds "7"]
[EventType "team-swiss"]
[EventDate "2018.10.02"]

1.d4 Nf6 2.Nf3 e6 3.Bg5 d5 4.e3 c5 5.c3 Nbd7 6.Bd3 Be7 7.Nbd2 b6 8.O-O Bb7
9.Qe2 Ne4 10.Bxe7 Qxe7 11.Bb5 Nxd2 12.Qxd2 O-O 13.Bd3 Nf6 14.Ne5 cxd4 15.exd4
Nh5 16.f4 f6 17.Nf3 Qc7 18.g3 Rae8 19.Qc2 f5 20.Ne5 Nf6 21.Qg2 Nd7 22.Rae1 a6
23.Re3 b5 24.g4 Bc8 25.Rff3 Nf6 26.g5 Nh5 27.Qh3   1/2-1/2

[Event "Deutsche Ländermeisterschaft 2018"]
[Site "Würzburg GER"]
[Date "2018.10.05"]
[Round "4"]
[White "Alhassan, Jodi"]
[Black "Breß, Amy Charlize"]
[Result "1/2-1/2"]
[Termination "normal"]
[Board "10.8"]
[WhiteElo "1094"]
[BlackElo "1464"]
[WhiteTeam "Saarland"]
[BlackTeam "Mecklenburg-Vorpommern"]
[PlyCount "53"]
[WhiteFideId "16250460"]
[BlackFideId "16233786"]
[EventCountry "GER"]
[EventRounds "7"]
[EventType "team-swiss"]
[EventDate "2018.10.02"]

1.e4 c5 2.Nf3 e6 3.d4 cxd4 4.Nxd4 a6 5.a3 Nf6 6.Nc3 Qc7 7.Be2 Be7 8.f4 d6 9.O-O
O-O 10.Be3 b5 11.Bf3 Bb7 12.e5 dxe5 13.Bxb7 Qxb7 14.fxe5 Nfd7 15.Bf4 Bc5 16.Kh1
Rd8 17.Nf3 Nc6 18.Qe2 Rac8 19.Rad1 Qa7 20.Ne4 Nd4 21.Nxd4 Bxd4 22.c3 Bb6 23.Qg4
Bc7 24.Bh6 Bxe5 25.Nd6 Rc7 26.Nxf7 Rf8 27.Nxe5   1/2-1/2